Score 0/15 Timer 02:00
5 Plays Today
Letter Country % Correct
ACameroon, Cabo Verde, Gabon, Madagascar, Malawi, Mali, Mauritania, Mauritius, Namibia, Sao Tome and Principe, Tanzania & Zambia
96%
EBenin, CAR, DRC, Kenya, Lesotho, Republic of Congo, Senegal & Seychelles
92.9%
OBotswana, Comoros, Cote d'Ivoire, Morocco, Mozambique, Somalia, South Africa, South Sudan & Togo
92.6%
GEgypt & Uganda
90.9%
ILiberia, Libya, Niger, Nigeria, Sierra Leone & Zimbabwe
88.3%
HChad, Ghana & The Gambia
85.5%
JDjibouti
79.2%
WRwanda
77.9%
Letter Country % Correct
UBurkina Faso, Burundi, Guinea, Guinea-Bissau, Sudan & Tunisia
77.6%
QEquatorial Guinea
67.1%
LAlgeria
65.5%
NAngola
61%
REritrea
52.3%
TEthiopia
48.2%
SeSwatini
38.7%
Come Together.
Have Fun.
All Virtual.
We all need to come together. Play Sporcle's virtual live trivia to have fun, connect with people, and get your trivia on. Join a live hosted trivia game for your favorite pub trivia experience done virtually. If a virtual private party is more your thing, go here for details.

You're not logged in!

Compare scores with friends on all Sporcle quizzes.
OR
Log In

Sporcle TV

Today on Sporcle TV


Watch our educational content, quiz creation guides, and fun videos on Sporcle TV.

Show Comments

Extras

Top Quizzes Today


Score Distribution

Paid Content

Your Account Isn't Verified!

In order to create a playlist on Sporcle, you need to verify the email address you used during registration. Go to your Sporcle Settings to finish the process.

Report this User

Report this user for behavior that violates our Community Guidelines.

Details: